| 000 | 01203nam a2200301Ia 4500 | ||
|---|---|---|---|
| 001 | ebr5001948 | ||
| 003 | CaPaEBR | ||
| 006 | m u | ||
| 007 | cr cn||||||||| | ||
| 008 | 961028s1992 enkb sb 001 0 eng d | ||
| 010 | _z 91036367 | ||
| 020 | _z0415144310 (pbk) | ||
| 040 |
_aCaPaEBR _cCaPaEBR |
||
| 035 | _a(OCoLC)646896311 | ||
| 050 | 1 | 4 |
_aHT114 _b.C523 1992eb |
| 245 | 0 | 4 |
_aThe city in late antiquity _h[electronic resource] / _cedited by John Rich. |
| 260 |
_aLondon ; _aNew York : _bRoutledge, _c1992. |
||
| 300 |
_ax, 204 p. : _bmaps. |
||
| 490 | 1 |
_aLeicester-Nottingham studies in ancient society ; _v3 |
|
| 504 | _aIncludes bibliographical references and index. | ||
| 533 |
_aElectronic reproduction. _bPalo Alto, Calif. : _cebrary, _d2013. _nAvailable via World Wide Web. _nAccess may be limited to ebrary affiliated libraries. |
||
| 650 | 0 |
_aCities and towns _zRome. |
|
| 655 | 7 |
_aElectronic books. _2local |
|
| 700 | 1 |
_aRich, John, _d1944- |
|
| 710 | 2 | _aebrary, Inc. | |
| 830 | 0 |
_aLeicester-Nottingham studies in ancient society ; _vv. 3. |
|
| 856 | 4 | 0 |
_uhttp://site.ebrary.com/lib/rucke/Doc?id=5001948 _zAn electronic book accessible through the World Wide Web; click to view |
| 999 |
_c1656 _d1656 |
||